[Event "34th Chess Olympiad (women)"]
[Site "Istanbul"]
[Date "2000.11.05"]
[Round "8.27.2"]
[White "Evans-Quek, Deborah"]
[Black "Riayaningrum, Yeni"]
[WhiteElo "2150"]
[BlackElo "2000"]
[WhiteCountry "WLS"]
[BlackCountry "INA"]
[Result "1-0"]

1. e4 e5 2. Nf3 Nc6 3. g3 Bc5 4. Bg2 d6 5. c3 Qf6 6. b4 Bb6 7. d3 Bg4 8. h3 Bh5 
9. Nbd2 Nge7 10. Nc4 h6 11. a4 a6 12. Nxb6 cxb6 13. Be3 Nc8 14. g4 Bg6 
15. h4 Qe7 16. h5 Bh7 17. g5 f6 18. gxh6 gxh6 19. Qd2 f5 20. exf5 Bxf5 
21. Nh4 Bh7 22. Bd5 Qd7 23. Ng6 N6e7 24. Nxh8 Nxd5 25. Bxh6 Qc6 26. Rg1 Nde7 
27. Ke2 e4 28. Ng6 exd3+ 29. Qxd3 Nd5 30. Bd2 Nce7 31. c4 Nf6 32. Qd4 Qe4+ 
33. Qxe4 Nxe4 34. Nxe7 
1-0

[Event "34th Chess Olympiad (women)"]
[Site "Istanbul"]
[Date "2000.11.05"]
[Round "8.27.3"]
[White "Lindiawati, Evi"]
[Black "Powell, Annie"]
[WhiteElo "2000"]
[BlackElo "2000"]
[WhiteCountry "INA"]
[BlackCountry "WLS"]
[Result "1/2-1/2"]

1. e4 c5 2. Nf3 d6 3. d4 cxd4 4. Nxd4 Nf6 5. Nc3 Nc6 6. Be2 e5 7. Nb3 Be7 
8. O-O O-O 9. Be3 Be6 10. Nd2 a6 11. a4 Na5 12. Kh1 Rc8 13. f4 exf4 
14. Bxf4 Qb6 15. Rb1 Nc4 16. Nxc4 Bxc4 17. Bd3 Qc5 18. h3 Bxd3 19. Qxd3 Rfd8 
20. Rbc1 Qh5 21. Rcd1 h6 22. Qg3 Qg6 23. Qxg6 fxg6 24. e5 dxe5 25. Bxe5 g5 
26. g4 Kh7 27. b3 Kg6 28. Rxd8 Rxd8 29. Rd1 Rxd1+ 30. Nxd1 h5 31. gxh5+ Nxh5 
32. Ne3 Bf6 33. Bc7 Nf4 34. Kh2 Bd4 35. Ng4 Kf5 
1/2-1/2

[Event "34th Chess Olympiad (women)"]
[Site "Istanbul"]
[Date "2000.11.05"]
[Round "8.28.1"]
[White "Rutherford, Elaine"]
[Black "Cinak, Nilufer"]
[WhiteElo "2050"]
[BlackElo "2057"]
[WhiteCountry "SCO"]
[BlackCountry "TURA"]
[Result "0-1"]

1. e4 c5 2. Nc3 Nc6 3. f4 g6 4. Nf3 Bg7 5. Bb5 Nd4 6. O-O Nxb5 7. Nxb5 Nf6 
8. Nc3 d5 9. e5 Ne4 10. Ne2 c4 11. Ned4 Bg4 12. d3 cxd3 13. Qxd3 Rc8 
14. Be3 O-O 15. Rad1 Qa5 16. Nb3 Qxa2 17. Qxd5 Rxc2 18. Qxe4 Qxb3 19. Nd2 Bf5 
20. Qd4 Qxb2 21. Qxa7 Rd8 22. Rb1 Qa2 23. Qxa2 Rxa2 24. Rxb7 Raxd2 
25. Bxd2 Rxd2 26. Rb8+ Bf8 27. Ra1 Be4 28. Ra4 Bd5 29. g3 e6 30. Ra7 Rc2 
31. Kf1 Kg7 32. Ra4 Rxh2 33. Rc8 Ra2 34. Rd4 Ra3 35. g4 Ra8 36. Rc7 Ba3 
37. f5 Bb2 38. f6+ Kh6 39. Rb4 Bxe5 40. Rxf7 Ra1+ 41. Kf2 Ra2+ 42. Kg1 Bg3 
43. Rb1 Rg2+ 44. Kf1 Rh2 45. Rb4 Bf3 
0-1

[Event "34th Chess Olympiad (women)"]
[Site "Istanbul"]
[Date "2000.11.05"]
[Round "8.28.2"]
[White "Oney, Fatmanur"]
[Black "Wilman, Carey"]
[WhiteElo "2038"]
[BlackElo "2066"]
[WhiteCountry "TURA"]
[BlackCountry "SCO"]
[Result "1-0"]

1. d4 Nf6 2. Nf3 g6 3. Bf4 Bg7 4. e3 c5 5. c3 Qb6 6. Qc1 O-O 7. Nbd2 d6 
8. h3 Nbd7 9. Be2 Re8 10. Bh2 cxd4 11. exd4 e5 12. dxe5 dxe5 13. Nc4 Qc5 
14. O-O Nd5 15. Qd2 b5 16. Ne3 Nxe3 17. Qxe3 Qc6 18. Rfd1 Bb7 19. Qd2 Nc5 
20. Qd6 Ne4 21. Qxc6 Bxc6 22. Nd2 Nc5 23. Nb3 Nb7 24. Bg3 a5 25. Nd2 f5 
26. f3 a4 27. a3 e4 28. fxe4 fxe4 29. Bf4 Nc5 30. Rab1 Rad8 31. Be3 Nd3 
32. Bb6 Rd7 33. Nf1 Bf6 34. Ne3 Bg5 35. Nf1 Rb8 36. Bd4 Nf4 37. Bg4 Re7 
38. Bc5 Ree8 39. Rd6 Ba8 40. Be3 h5 41. Bxf4 Bxf4 42. Rxg6+ Kh7 43. Bxh5 Re5 
44. Rg4 Rf8 45. Bg6+ Kh6 46. Re1 e3 47. Bd3 e2 48. Rxe2 Rxe2 49. Bxe2 Bc1 
50. Rb4 Rg8 51. Rh4+ Kg7 52. Rg4+ Kf8 53. Rxg8+ Kxg8 54. Bxb5 Bxb2 
55. Bxa4 Bxc3 56. Bb3+ Kg7 57. Ng3 Kf6 58. Ne2 Ba5 59. Nf4 Ke5 60. g3 Bd2 
61. Ne2 Bb7 62. Bc4 Bc6 63. Bb3 Bb5 64. Kf2 Bd3 65. Bf7 Kf6 66. Bg8 Ke5 
67. h4 Bb5 68. Bb3 Ba5 69. a4 Bb6+ 70. Kf3 Bc6+ 71. Kg4 Bd7+ 72. Kg5 Be3+ 
73. Nf4 Bb6 74. h5 Bd8+ 75. Kg6 Bf5+ 76. Kg7 Bf6+ 77. Kg8 
1-0

[Event "34th Chess Olympiad (women)"]
[Site "Istanbul"]
[Date "2000.11.05"]
[Round "8.28.3"]
[White "Lang, Heather"]
[Black "Yildiz, Betul"]
[WhiteElo "2064"]
[BlackElo "2000"]
[WhiteCountry "SCO"]
[BlackCountry "TURA"]
[Result "1-0"]

1. e4 c5 2. Nc3 d6 3. f4 g6 4. Nf3 Bg7 5. Bc4 e6 6. O-O Ne7 7. f5 exf5 
8. d3 O-O 9. Qe1 Nbc6 10. Qh4 Nd4 11. Bg5 Re8 12. Nd5 Ndc6 13. exf5 Qd7 
14. fxg6 Nxg6 15. Qg3 Re2 16. Rae1 Nd4 17. Nxd4 Bxd4+ 18. Kh1 Rxe1 19. Qxe1 Kg7 
20. Ne7 f6 21. Nf5+ Kh8 22. Bh6 Be5 23. Bg7+ Qxg7 24. Nxg7 Kxg7 25. Qe4 Ne7 
26. c3 f5 27. Qf3 Rb8 28. d4 b5 29. dxe5 bxc4 30. exd6 Ng6 31. Qc6 
1-0

[Event "34th Chess Olympiad (women)"]
[Site "Istanbul"]
[Date "2000.11.05"]
[Round "8.29.1"]
[White "Pourkashiyan, Atousa"]
[Black "Berezina, Irina"]
[WhiteElo "2000"]
[BlackElo "2304"]
[WhiteCountry "IRI"]
[BlackCountry "AUS"]
[Result "1/2-1/2"]

1. e4 c5 2. Nf3 d6 3. d4 cxd4 4. Nxd4 Nf6 5. Nc3 Nc6 6. Be2 e6 7. O-O Be7 
8. Be3 a6 9. Kh1 O-O 10. f4 Qc7 11. Qe1 Bd7 12. Qg3 Nxd4 13. Bxd4 Bc6 
14. Rae1 b5 15. a3 Rac8 16. Bd3 Nh5 17. Qg4 e5 18. Qxh5 exd4 19. Ne2 g6 
20. Qg4 Bf6 21. Ng3 Kh8 22. Qf3 Rce8 23. Re2 Qe7 24. Rfe1 Bg7 25. Nf1 Qh4 
26. g3 Qh3 27. Qg2 Qh6 28. Kg1 Re7 29. Nd2 g5 30. fxg5 Qxg5 31. Nf3 Qc5 
32. Nh4 Be5 33. Qh3 Re6 34. Rf2 Rh6 35. Qf1 Qa7 36. Qe2 Rg8 37. Nf5 Rhg6 
38. Ref1 f6 39. Nh4 Rh6 40. Nf5 Rhg6 41. Rg2 Rc8 42. Kh1 Qb7 43. Re1 Rc7 
44. Kg1 Qa7 45. Qf3 Rd7 46. Rge2 Rg5 47. h4 Rg6 48. Kh2 Rd8 49. Rg1 Rdg8 
50. Kh3 Bd7 51. Reg2 Be6 52. g4 Qb7 53. Re1 a5 54. Qe2 Rb8 55. Qf2 Qd7 
56. Rf1 b4 57. axb4 axb4 58. b3 Rc8 59. Rfg1 d5 60. Qe2 Rc3 61. Ra1 dxe4 
62. Qxe4 h5 63. Ra8+ Kh7 64. Ng3 Rxd3 65. Qxd3 Bxg4+ 66. Kh2 Bf5 67. Qf3 Bg4 
68. Qd3 Bf5 69. Qe2 Rg4 70. Qa6 Rg7 71. Qe2 Rg4 72. Qa6 Rg7 73. Qe2 Rg4 
1/2-1/2

[Event "34th Chess Olympiad (women)"]
[Site "Istanbul"]
[Date "2000.11.05"]
[Round "8.29.3"]
[White "Khachatorian, Yarazik"]
[Black "Moylan, Laura"]
[WhiteElo "2000"]
[BlackElo "2076"]
[WhiteCountry "IRI"]
[BlackCountry "AUS"]
[Result "0-1"]

1. e4 c5 2. Nf3 d6 3. d4 cxd4 4. Nxd4 Nf6 5. Nc3 g6 6. Be2 Bg7 7. O-O O-O 
8. Bg5 a6 9. Kh1 b5 10. Bf3 e5 11. Nde2 Bb7 12. Nd5 Bxd5 13. exd5 Qc7 
14. Ng3 Nfd7 15. Qd2 f5 16. Bh6 Bxh6 17. Qxh6 Qxc2 18. Rac1 Qxb2 19. Rc7 e4 
20. Bxe4 fxe4 21. Nxe4 Qe2 22. Ng3 Qxa2 23. h4 Qa4 24. Re1 Qf4 25. Re7 Qxh6 
0-1

[Event "34th Chess Olympiad (women)"]
[Site "Istanbul"]
[Date "2000.11.05"]
[Round "8.30.1"]
[White "Koskoska, Gabriela"]
[Black "Mateus, Martha"]
[WhiteElo "2219"]
[BlackElo "2318"]
[WhiteCountry "FRM"]
[BlackCountry "COL"]
[Result "1-0"]

1. e4 c5 2. Nc3 Nc6 3. f4 e6 4. Nf3 Nge7 5. d4 Nxd4 6. Nxd4 cxd4 7. Qxd4 Nc6 
8. Qf2 Bb4 9. Bd2 O-O 10. O-O-O a6 11. Bd3 b5 12. g4 Bb7 13. g5 Rc8 
14. Rhg1 Ba5 15. Kb1 Re8 16. Qh4 Bb6 17. e5 Bxg1 18. Qxh7+ Kf8 19. Rxg1 Qb6 
20. Rf1 Ke7 21. Qxg7 Rg8 22. Qf6+ Kf8 23. g6 Nd8 24. f5 b4 25. Na4 Qd4 
26. Bh6+ Ke8 27. Bg5 
1-0

[Event "34th Chess Olympiad (women)"]
[Site "Istanbul"]
[Date "2000.11.05"]
[Round "8.30.2"]
[White "Ortiz, Nadya"]
[Black "Sekulovska, Vesna"]
[WhiteElo "2000"]
[BlackElo "2120"]
[WhiteCountry "COL"]
[BlackCountry "FRM"]
[Result "0-1"]

1. e4 e5 2. Nf3 Nc6 3. Bc4 Nf6 4. d3 Be7 5. c3 O-O 6. O-O d5 7. exd5 Nxd5 
8. Re1 Bg4 9. h3 Bh5 10. Bb5 f6 11. Bxc6 bxc6 12. Qe2 Kh8 13. d4 exd4 14. g4 d3 
15. Qxd3 Bg6 16. Qc4 Qd7 17. Nbd2 Bd6 18. Nh4 Bf7 19. Qf1 h5 20. Qg2 Nf4 
21. Qf3 hxg4 22. hxg4 Be6 23. Rxe6 Qxe6 24. Ne4 g5 25. Bxf4 gxh4 26. Nxd6 cxd6 
27. Qh3 Rf7 28. Qxh4+ Rh7 29. Qg3 d5 30. f3 Re8 31. Qf2 Qe2 32. Bg3 Qxf2+ 
33. Kxf2 Rhe7 34. Kf1 Kg7 35. Re1 Kg6 36. Rxe7 Rxe7 37. Bf4 f5 38. g5 Rb7 
39. b3 a5 40. Be3 Rh7 41. Kg2 Rh4 42. f4 Rh8 43. Bb6 Ra8 44. Bc5 a4 45. Kf2 Rb8 
46. b4 Re8 47. Bd6 Re4 48. Be5 Kh5 49. a3 Kg6 50. Kf1 Re3 51. Kf2 Rh3 
52. Ke1 Rh2 53. Kd1 Rg2 54. Kc1 Kf7 55. Bd4 Ke6 56. Be3 d4 57. Bxd4 Kd5 
58. b5 cxb5 59. Bb6 Kc4 60. Ba5 Rg4 61. Bc7 Kxc3 62. Be5+ Kb3 63. Bd6 Kc3 
64. Kb1 Rg2 65. Bb4+ Kb3 66. Kc1 Rc2+ 67. Kd1 Rc4 68. Bd6 Rd4+ 
0-1

[Event "34th Chess Olympiad (women)"]
[Site "Istanbul"]
[Date "2000.11.05"]
[Round "8.30.3"]
[White "Janevska, Aleksandra"]
[Black "Pulido, Denise"]
[WhiteElo "2020"]
[BlackElo "2000"]
[WhiteCountry "FRM"]
[BlackCountry "COL"]
[Result "1-0"]

1. d4 e6 2. c4 Nf6 3. Nc3 d5 4. cxd5 exd5 5. Bg5 c6 6. Qc2 Be7 7. e3 Be6 
8. Bd3 Nbd7 9. Nf3 h6 10. Bh4 Bd6 11. O-O Qc7 12. Rac1 a6 13. Bf5 Bxf5 
14. Qxf5 O-O 15. Bg3 Rae8 16. Nd2 Bxg3 17. hxg3 Qd6 18. Na4 Nh7 19. Nc5 Nxc5 
20. Rxc5 Re6 21. a3 Rfe8 22. b4 Rf6 23. Qd3 Qe6 24. a4 h5 25. b5 axb5 
26. axb5 Rh6 27. bxc6 bxc6 28. Rfc1 Rc8 29. Nf3 Qe8 30. Qc2 Re6 31. Rxd5 Nf6 
32. Rc5 Rd6 33. Ne5 Rd5 34. Rxc6 Rxc6 35. Qxc6 Qxc6 36. Rxc6 Ra5 37. Rc8+ Kh7 
38. f3 Ra1+ 39. Kh2 Nd5 40. e4 Ne3 41. Nxf7 Nf1+ 42. Kg1 Nxg3+ 43. Kf2 Nh1+ 
44. Ke3 Ra3+ 45. Kf4 Nf2 46. Rh8+ Kg6 47. Ne5+ Kf6 48. Rxh5 Rb3 49. Rf5+ Ke6 
50. d5+ 
1-0

[Event "34th Chess Olympiad (women)"]
[Site "Istanbul"]
[Date "2000.11.05"]
[Round "8.31.1"]
[White "Smith, Vivian"]
[Black "Lim, Jean Nie"]
[WhiteElo "2000"]
[BlackElo "2168"]
[WhiteCountry "NZL"]
[BlackCountry "MAS"]
[Result "1-0"]

1. e4 c5 2. Nc3 Nc6 3. f4 g6 4. Nf3 Bg7 5. Bc4 d6 6. O-O e6 7. d3 Nge7 
8. Qe1 O-O 9. f5 exf5 10. Qh4 Qd7 11. Bh6 fxe4 12. Bxg7 Nf5 13. Qf6 Nxg7 
14. Ng5 Ne5 15. Nd5 Qg4 16. Qxe5 dxe5 17. Nf6+ Kh8 18. Nxg4 Bxg4 19. Nxf7+ Rxf7 
20. Rxf7 e3 21. Re1 b5 22. Bd5 Rd8 23. Be4 c4 24. Rxe3 Nf5 25. Bxf5 Bxf5 
26. Rxe5 cxd3 27. cxd3 Bxd3 28. Ree7 g5 29. Rxa7 Bg6 30. Rfd7 Rf8 31. h3 h5 
32. Rd5 g4 33. hxg4 hxg4 34. Rg5 Bf5 35. Rb7 Bd3 36. Rxg4 Rf1+ 37. Kh2 Bc4 
38. Rd4 Rf8 39. b3 Be2 40. b4 Bc4 41. a3 Ra8 42. Rc7 Kg8 43. Re7 Kf8 
44. Re3 Ra7 45. Rf4+ Rf7 46. Rxf7+ Kxf7 47. Kg3 Kf6 48. Kf4 Bd5 49. g4 Bc4 
50. Re5 Kg6 51. Rc5 Bd3 52. Rc6+ Kf7 53. Ke5 Be2 54. g5 Bd3 55. Rb6 Kg7 
56. Rb7+ Kg6 57. Rb6+ Kxg5 58. Kd4 Bc4 59. Kc5 Kf5 60. Rxb5 Bxb5 61. Kxb5 
1-0

[Event "34th Chess Olympiad (women)"]
[Site "Istanbul"]
[Date "2000.11.05"]
[Round "8.31.2"]
[White "Lee, Samantha"]
[Black "Mikhailik, Eleonora"]
[WhiteElo "2000"]
[BlackElo "2000"]
[WhiteCountry "MAS"]
[BlackCountry "NZL"]
[Result "1-0"]

1. e4 e6 2. d4 d5 3. exd5 exd5 4. Nf3 Bf5 5. Be3 Nd7 6. Be2 Bd6 7. Nbd2 h6 
8. h3 c6 9. Nb3 Qc7 10. Bd3 Bxd3 11. Qxd3 Ne7 12. O-O-O O-O-O 13. Rhe1 Rde8 
14. Kb1 Bf4 15. Re2 Bxe3 16. Rxe3 Ng6 17. Rde1 Nf6 18. Nc5 Rxe3 19. Rxe3 Nf4 
20. Qf5+ Kb8 21. g3 Ng6 22. Rb3 Qd6 23. Nxb7 Qf8 24. Nc5+ Ka8 25. Ne5 Ne7 
26. Qd3 Qc8 27. Nxf7 Qxh3 28. a4 Rb8 29. Rxb8+ Kxb8 30. Qb3+ 
1-0

[Event "34th Chess Olympiad (women)"]
[Site "Istanbul"]
[Date "2000.11.05"]
[Round "8.31.3"]
[White "Courtney, Helen"]
[Black "Siti, Zulaikha"]
[WhiteElo "2000"]
[BlackElo "2000"]
[WhiteCountry "NZL"]
[BlackCountry "MAS"]
[Result "0-1"]

1. d4 Nf6 2. c4 g6 3. Nc3 Bg7 4. e4 d6 5. f3 O-O 6. Bd3 e5 7. d5 Nh5 
8. Nge2 Na6 9. Be3 f5 10. Qd2 f4 11. Bf2 Nb4 12. O-O-O Nxd3+ 13. Qxd3 a6 
14. Kb1 Bd7 15. Nc1 Qe8 16. Nb3 b5 17. cxb5 axb5 18. Rc1 b4 19. Ne2 Bb5 
20. Qd2 Bxe2 21. Qxe2 Qa4 22. Rc6 Rfb8 23. Kc2 Rb7 24. Qc4 Rc8 25. Ra1 Qb5 
26. Rc1 Qxc4+ 27. Rxc4 Nf6 28. Kb1 Ne8 29. Na5 Rb5 30. Nc6 Ra8 31. Rxb4 Rxb4 
32. Nxb4 Bf6 33. Nc6 h5 34. Rc3 Bg5 35. Ba7 Kf7 36. Rb3 Bh4 37. Rb8 Rxb8 
38. Nxb8 Ke7 39. b4 Kd8 40. b5 Kc8 41. Nc6 Kb7 42. Kc2 Be1 43. Bg1 g5 44. a4 g4 
45. Kd1 Bc3 46. Ke2 Nf6 47. Bf2 Nd7 48. Be1 Bxe1 49. Kxe1 Kb6 50. fxg4 hxg4 
51. h4 gxh3 52. gxh3 Nc5 53. h4 Nxe4 54. h5 Ng5 55. h6 Kc5 56. Ke2 Kxd5 
57. a5 Kc5 58. a6 Kb6 59. Nd8 d5 60. Ne6 Nh7 61. Nc5 e4 62. Nd7+ Ka7 
63. Ne5 Ka8 64. Nc6 Nf6 65. Ne5 d4 66. Nc4 f3+ 67. Ke1 e3 68. Ne5 f2+ 
69. Ke2 Ne4 70. h7 Ng3+ 71. Kd3 f1=Q+ 72. Kxd4 Qf4+ 73. Kd5 Qe4+ 
0-1

[Event "34th Chess Olympiad (women)"]
[Site "Istanbul"]
[Date "2000.11.05"]
[Round "8.32.1"]
[White "Connolly, Suzanne"]
[Black "Mohammed, Janer"]
[WhiteElo "2105"]
[BlackElo "2000"]
[WhiteCountry "IRL"]
[BlackCountry "IRQ"]
[Result "1-0"]

1. e4 e5 2. Nf3 Nc6 3. Bb5 a6 4. Ba4 Nf6 5. d3 b5 6. Bb3 Be7 7. O-O d6 
8. c3 O-O 9. a4 Bb7 10. Re1 h6 11. Nbd2 Nd7 12. axb5 axb5 13. Rxa8 Qxa8 
14. Nf1 Nc5 15. Bc2 Qa2 16. Ng3 b4 17. d4 exd4 18. Nxd4 bxc3 19. bxc3 Nxd4 
20. cxd4 Ne6 21. Bb3 Qa7 22. Be3 Qa8 23. d5 Ng5 24. h4 Nh7 25. Nf5 Bf6 
26. g3 Re8 27. f3 Bc8 28. Nd4 Ba6 29. Qc2 Qc8 30. Nf5 h5 31. Rc1 Qb7 
32. Bc4 Bxc4 33. Qxc4 Rc8 34. Nxd6 Qb8 35. Nxc8 Qxc8 36. Qxc7 
1-0

[Event "34th Chess Olympiad (women)"]
[Site "Istanbul"]
[Date "2000.11.05"]
[Round "8.32.2"]
[White "Al-Rufei, Eman H"]
[Black "O`Siochru, Mairead"]
[WhiteElo "2031"]
[BlackElo "2000"]
[WhiteCountry "IRQ"]
[BlackCountry "IRL"]
[Result "1/2-1/2"]

1. e4 c6 2. d4 d5 3. exd5 cxd5 4. Bd3 Nc6 5. c3 Nf6 6. Bf4 Bg4 7. Qb3 Qc8 
8. Nd2 e6 9. Ngf3 Be7 10. h3 Bh5 11. O-O O-O 12. Rac1 Bg6 13. Bxg6 hxg6 
14. Rfe1 Rd8 15. Ne5 Nxe5 16. Bxe5 Qd7 17. c4 Rdc8 18. c5 Rc6 19. Qc2 a5 
20. Bh2 Bd8 21. Nf3 Bc7 22. Ne5 Bxe5 23. Bxe5 b6 24. Qb1 bxc5 25. Rxc5 Rxc5 
26. dxc5 Rc8 27. Rc1 Qb5 28. Qc2 Rc6 29. f3 Nd7 30. Bd6 Nb6 31. b3 Nc8 
32. Bg3 Ne7 33. Qc3 Ra6 34. a4 Qd7 35. Qd3 Ra7 36. Rb1 Nc6 37. Be1 Qe7 
38. Bf2 Qd7 39. Be1 Qe7 40. Bf2 Qd7 
1/2-1/2

[Event "34th Chess Olympiad (women)"]
[Site "Istanbul"]
[Date "2000.11.05"]
[Round "8.32.3"]
[White "Quinn, Deborah"]
[Black "Jamal, Jawan"]
[WhiteElo "2000"]
[BlackElo "2000"]
[WhiteCountry "IRL"]
[BlackCountry "IRQ"]
[Result "1/2-1/2"]

1. e4 c6 2. d4 d5 3. Nc3 dxe4 4. Nxe4 Bf5 5. Ng3 Bg6 6. Nf3 Nd7 7. Bd3 Bxd3 
8. Qxd3 Ngf6 9. O-O e6 10. Re1 Be7 11. c4 Qc7 12. Bd2 h6 13. Qe2 O-O 
14. Bc3 Rfe8 15. Rad1 Rad8 16. Ne5 Nxe5 17. dxe5 Rxd1 18. Rxd1 Nd7 19. b4 Bg5 
20. Ne4 Be7 21. c5 b6 22. Nd6 Rf8 23. Qe3 bxc5 24. bxc5 Qb8 25. h3 a6 
26. Bd4 Qb4 27. Qf3 Qa4 28. a3 
1/2-1/2

[Event "34th Chess Olympiad (women)"]
[Site "Istanbul"]
[Date "2000.11.05"]
[Round "8.33.1"]
[White "Villegas, Meylin"]
[Black "Sultan, Hoda"]
[WhiteElo "2000"]
[BlackElo "2000"]
[WhiteCountry "CRC"]
[BlackCountry "UAE"]
[Result "1-0"]

1. d4 Nf6 2. c4 d6 3. Nc3 g6 4. e4 Bg7 5. f4 O-O 6. Nf3 c5 7. d5 e6 8. Be2 exd5 
9. cxd5 Re8 10. Nd2 Nbd7 11. O-O a6 12. a4 Qe7 13. Bf3 h6 14. Nc4 Nh7 
15. Be3 Rb8 16. a5 b5 17. axb6 Nxb6 18. Na5 Bd7 19. Qd2 f5 20. e5 dxe5 
21. d6 Qd8 22. Bxc5 Nf6 23. Nc6 Bxc6 24. Bxc6 Nfd7 25. b4 exf4 26. Rae1 Rxe1 
27. Rxe1 Ne5 28. Bd5+ Kh7 29. Kh1 Nbc4 30. Bxc4 Nxc4 31. Qxf4 Bxc3 32. Re7+ Kh8 
33. Qxh6+ 
1-0

[Event "34th Chess Olympiad (women)"]
[Site "Istanbul"]
[Date "2000.11.05"]
[Round "8.33.2"]
[White "Hussain, Noora"]
[Black "Murioz, Carolina"]
[WhiteElo "2000"]
[BlackElo "2000"]
[WhiteCountry "UAE"]
[BlackCountry "CRC"]
[Result "0-1"]

1. e4 c5 2. c3 Nf6 3. e5 Nd5 4. d4 cxd4 5. cxd4 Nc6 6. Nf3 d6 7. Nc3 dxe5 
8. dxe5 Ndb4 9. Qxd8+ Kxd8 10. Rb1 Bf5 11. Bf4 Bxb1 12. Nxb1 e6 13. Ng5 Ke7 
14. Nc3 h6 15. Nge4 Kd7 16. Bc4 Nc2+ 17. Kd2 N2d4 18. Rd1 a6 19. Ke3 Kc7 
20. Rxd4 Nxd4 21. Kxd4 Rd8+ 22. Nd6 Bxd6 23. exd6+ Kc6 24. Ne4 Rhe8 25. Nc5 e5+ 
26. Bxe5 Rxe5 27. Nxb7 Rxd6+ 28. Kxe5 f6+ 29. Kf5 Kxb7 30. Kg6 Rd7 31. Bf7 Rd2 
32. Kxg7 Rxf2 33. Kxh6 Rxb2 34. h4 Kc7 35. g4 Rg2 36. Kh5 Kd6 37. a4 a5 
38. Bb3 Ke7 39. Bd1 Rh2 40. Bf3 Kf7 41. Be4 Kg7 42. g5 fxg5 43. Kxg5 Ra2 
44. Bc6 Rc2 45. Bb5 Rc5+ 46. Kg4 Kh6 47. Be8 Re5 48. Bc6 Re6 49. Bd5 Rd6 
50. Bb3 Rd4+ 51. Kf5 Rxh4 52. Ke5 Kg5 53. Kd5 Rb4 54. Bd1 Kf4 55. Kc5 Ke3 
56. Bh5 Rxa4 57. Kb5 Ra1 58. Bf7 Kd4 59. Bb3 Rb1 60. Ka4 Kc3 61. Be6 Ra1+ 
62. Kb5 a4 63. Bf7 a3 64. Ka4 Kb2 
0-1

[Event "34th Chess Olympiad (women)"]
[Site "Istanbul"]
[Date "2000.11.05"]
[Round "8.33.3"]
[White "Ramirez, Karla"]
[Black "Hassan, Jawaher"]
[WhiteElo "2000"]
[BlackElo "2000"]
[WhiteCountry "CRC"]
[BlackCountry "UAE"]
[Result "1/2-1/2"]

1. e4 e5 2. Nf3 Nc6 3. d4 exd4 4. Bc4 Nf6 5. e5 d5 6. Bb5 Ne4 7. Nxd4 Bd7 
8. Bxc6 bxc6 9. O-O Bc5 10. Be3 O-O 11. f3 Ng5 12. Qd2 Ne6 13. Nc3 Qh4 
14. f4 Nxd4 15. Bxd4 Bxd4+ 16. Qxd4 Rfe8 17. Qf2 Qh5 18. Na4 Re6 19. Nc5 Rh6 
20. g3 Bf5 21. Rad1 Rb8 22. c3 Re8 23. Rd2 Qh3 24. Nb3 Ra8 25. Nd4 Be4 
26. Nf3 Qg4 27. Ng5 Bf5 28. Qf3 Qxf3 29. Nxf3 Rb8 30. Nd4 Be4 31. Nb3 Rb5 
32. Nd4 Rb6 33. b4 Kf8 34. a4 Ke7 35. Re1 Rg6 36. a5 Rb7 37. f5 Rh6 38. Rf2 a6 
39. Nb3 Rb8 40. Nc5 Ra8 41. Nxe4 dxe4 42. Rxe4 Rd8 43. Rd4 Rxd4 44. cxd4 g6 
45. g4 Rh4 46. f6+ Ke6 47. Rg2 h5 48. gxh5 Rxh5 49. Rc2 Kd7 50. Kg2 Rh8 
51. Kg3 Rb8 52. Rc4 Rh8 53. Rc3 Rb8 54. Rc4 Rh8 55. h4 Rh7 56. Rc2 Rh8 
57. Kg4 Rb8 58. Rb2 Rh8 59. Rb3 Ke6 60. Rc3 Kd7 
1/2-1/2

[Event "34th Chess Olympiad (women)"]
[Site "Istanbul"]
[Date "2000.11.05"]
[Round "8.34.1"]
[White "Zepeda, Sonia"]
[Black "Shabanaj, Eglantina"]
[WhiteElo "2046"]
[BlackElo "2176"]
[WhiteCountry "ESA"]
[BlackCountry "ALB"]
[Result "0-1"]

1. e4 e6 2. d4 d5 3. exd5 exd5 4. Nc3 Nf6 5. Bg5 c6 6. Bd3 Bd6 7. Qd2 h6 
8. Bh4 Be6 9. Nge2 O-O 10. O-O-O Nbd7 11. h3 b5 12. Bg3 Nb6 13. Rde1 Nc4 
14. Bxc4 dxc4 15. Bxd6 Qxd6 16. Qf4 Qd7 17. g4 Nd5 18. Nxd5 Bxd5 19. Rhg1 f6 
20. Ng3 b4 21. Ne4 Bxe4 22. Rxe4 Rae8 23. Rge1 f5 24. Rxe8 Rxe8 25. Rxe8+ Qxe8 
26. Kd2 fxg4 27. hxg4 a5 28. f3 Qe7 29. Qe3 Kf7 30. Qxe7+ Kxe7 31. Ke3 a4 
32. Ke4 Kd6 33. Kf5 b3 34. axb3 c3 
0-1

[Event "34th Chess Olympiad (women)"]
[Site "Istanbul"]
[Date "2000.11.05"]
[Round "8.34.2"]
[White "Cima, Rozana"]
[Black "Pastor, Tahnya"]
[WhiteElo "2055"]
[BlackElo "2000"]
[WhiteCountry "ALB"]
[BlackCountry "ESA"]
[Result "1-0"]

1. e4 c5 2. d4 cxd4 3. c3 d3 4. Bxd3 g6 5. f4 Bg7 6. Nf3 d6 7. O-O Nf6 
8. e5 dxe5 9. fxe5 Nd5 10. Bb5+ Nc6 11. Qe2 O-O 12. Bxc6 bxc6 13. c4 Qb6+ 
14. Kh1 Ba6 15. b3 e6 16. Ba3 Rfd8 17. Nbd2 Ne3 18. Rfc1 Nf5 19. Ne4 Nd4 
20. Nxd4 Qxd4 21. Bb2 Qd3 22. Qe1 Bh6 23. Rc3 Qd4 24. Rc2 Qe3 25. Rd2 Qb6 
26. Nd6 f5 27. Qh4 Bg7 28. Qe7 Bc8 29. c5 
1-0

[Event "34th Chess Olympiad (women)"]
[Site "Istanbul"]
[Date "2000.11.05"]
[Round "8.34.3"]
[White "Nayda, Avalos"]
[Black "Shabanaj, Alda"]
[WhiteElo "2000"]
[BlackElo "2000"]
[WhiteCountry "ESA"]
[BlackCountry "ALB"]
[Result "0-1"]

1. e4 c6 2. d4 d5 3. e5 Bf5 4. Nf3 e6 5. a3 Nd7 6. c4 Ne7 7. Nc3 Bg6 8. Be2 Nf5 
9. O-O Be7 10. Bf4 O-O 11. Qd2 Rc8 12. c5 b6 13. b4 Rb8 14. Bd3 bxc5 
15. dxc5 Qc7 16. Ne2 Nh4 17. Nfd4 Bxd3 18. Qxd3 Ng6 19. Bg3 Ngxe5 20. Qe3 Rbc8 
21. Rfe1 Bf6 22. Rac1 Qb7 23. Bxe5 Nxe5 24. f4 Nc4 25. Qg3 Qa6 26. Rc3 Rfe8 
27. Qd3 Qb7 28. Rcc1 e5 29. fxe5 Nxe5 30. Qg3 Qa6 31. Rcd1 Nc4 32. Nc2 Re4 
33. Nc1 Bh4 34. Qd3 Bxe1 
0-1

[Event "34th Chess Olympiad (women)"]
[Site "Istanbul"]
[Date "2000.11.05"]
[Round "8.35.1"]
[White "Minnaar, Michelle"]
[Black "Konama, Anupama"]
[WhiteElo "2062"]
[BlackElo "2000"]
[WhiteCountry "RSA"]
[BlackCountry "SRI"]
[Result "1/2-1/2"]

1. d4 Nf6 2. Nf3 d5 3. Bg5 e6 4. Nbd2 Be7 5. e3 c5 6. c3 Nc6 7. Bd3 cxd4 
8. exd4 Qc7 9. Qe2 O-O 10. O-O Re8 11. Ne5 h6 12. Bh4 Nd7 13. Bxe7 Rxe7 
14. f4 Nf8 15. Qh5 Bd7 16. g4 Be8 17. Qh4 f6 18. Nxc6 bxc6 19. Qf2 Bg6 
20. Bxg6 Nxg6 
1/2-1/2

[Event "34th Chess Olympiad (women)"]
[Site "Istanbul"]
[Date "2000.11.05"]
[Round "8.35.2"]
[White "Rathayake, Chandra"]
[Black "Meyer, Marany"]
[WhiteElo "2000"]
[BlackElo "2087"]
[WhiteCountry "SRI"]
[BlackCountry "RSA"]
[Result "0-1"]

1. e4 d6 2. d4 Nf6 3. Nc3 g6 4. Be3 c6 5. Qd2 b5 6. Bd3 Nbd7 7. Nf3 Nb6 
8. b3 Bg7 9. Bh6 O-O 10. Bxg7 Kxg7 11. O-O Qc7 12. Rfe1 e5 13. d5 b4 
14. Nd1 cxd5 15. exd5 Nbxd5 16. a3 a5 17. axb4 Nxb4 18. Bb5 Bb7 19. Be2 Ne4 
20. Qc1 Qxc2 21. Ne3 Qxc1 22. Raxc1 Nc5 23. Nxe5 Nxb3 24. Rc7 dxe5 25. Rxb7 Nd4 
26. Bc4 Nbc6 27. Ng4 a4 28. Nxe5 Nxe5 29. Rxe5 a3 30. Ba2 Rac8 31. Re1 Ne2+ 
32. Kf1 Nc1 33. Bd5 Rc5 34. Be6 Rc2 35. Ra7 a2 36. Re3 a1=Q 37. Rxa1 fxe6 
38. f3 Kf6 39. Ra6 Re8 40. h4 Na2 41. g4 Nb4 42. g5+ Kf7 43. Ra7+ Re7 
44. Ra4 Nd5 45. Rd3 Rb7 46. Ra1 Ke7 47. Re1 Kd7 48. Ra1 Rbb2 49. Ke1 Kc6 
50. Ra6+ Kc5 51. Rxe6 Nf4 52. Re5+ Kc4 53. Rd1 Nd3+ 54. Rxd3 Kxd3 
0-1

[Event "34th Chess Olympiad (women)"]
[Site "Istanbul"]
[Date "2000.11.05"]
[Round "8.36.1"]
[White "Al -Jindi, Nibal"]
[Black "Goler, Isil"]
[WhiteElo "2000"]
[BlackElo "2000"]
[WhiteCountry "SYR"]
[BlackCountry "TURB"]
[Result "0-1"]

1. e4 c6 2. d4 d5 3. Nc3 dxe4 4. Nxe4 Bf5 5. Ng3 Bg6 6. h4 h6 7. Nf3 Nd7 
8. h5 Bh7 9. Bd3 Bxd3 10. Qxd3 Qc7 11. Bd2 e6 12. O-O-O Ngf6 13. Kb1 O-O-O 
14. Qb3 Bd6 15. Ne2 Ng4 16. Be3 Ndf6 17. c4 Nxe3 18. fxe3 c5 19. Nc3 a6 
20. d5 Rhe8 21. Na4 Ne4 22. Rc1 Qe7 23. Qc2 Nf6 24. e4 exd5 25. exd5 Qe4 
26. Rce1 Qg4 27. Rxe8 Rxe8 28. Rh4 Re1+ 29. Nxe1 Qxh4 30. Qe2 Qxh5 
31. Qxh5 Nxh5 32. Nd3 Nf4 33. Nxf4 Bxf4 34. Nxc5 Kc7 35. Kc2 Be5 36. b4 Bd6 
37. Nd3 b6 38. Kc3 h5 39. Kd4 g6 40. Ne5 Bxb4 41. Nxf7 Be7 42. Ke5 Kd7 
43. a4 a5 44. d6 Bh4 45. Kd5 Bg3 46. Ne5+ Bxe5 47. Kxe5 h4 48. Kf6 Kxd6 
49. Kxg6 Kc5 50. Kg5 Kxc4 51. Kxh4 b5 52. g4 bxa4 53. g5 a3 54. g6 a2 
55. g7 a1=Q 56. g8=Q+ Kd3 57. Qb3+ Qc3 58. Qd1+ Kc4 59. Qf1+ Kb4 60. Qb1+ Ka3 
61. Qf1 a4 62. Kg4 Kb3 63. Qb1+ Ka3 64. Qf1 Qg7+ 65. Kh3 Qh6+ 66. Kg4 Qe6+ 
67. Kg3 Qe4 68. Qa1+ Kb3 69. Kf2 Qd3 70. Qe5 Qc2+ 71. Kf1 Qb1+ 72. Ke2 Qb2+ 
73. Qxb2+ Kxb2 
0-1